[Event "ch-NOR"]
[Site "Fredrikstad NOR"]
[Date "2003.07.12"]
[Round "9"]
[White "Djurhuus,R"]
[Black "Carlsen,M"]
[Result "1/2-1/2"]
[WhiteElo "2475"]
[BlackElo "2385"]

1.d4 Nf6 2.c4 g6 3.Nc3 d5 4.cxd5 Nxd5 5.e4 Nxc3 6.bxc3 Bg7 7.Bc4 c5 8.Ne2 O-O
9.O-O Nc6 10.Be3 Bd7 11.Rb1 a6 12.d5 Ne5 13.Bb3 Qc7 14.h3 e6 15.d6 Qc6 16.Ng3 f6
17.Qd2 Nf7 18.Bc2 e5 19.Qd5 Qxd5 20.exd5 b5 21.Ne4 Bf5 22.Bxc5 Rfd8 23.a4 Bxe4
24.Bxe4 f5 25.Bd3 e4 26.Be2 Nxd6 27.Bxd6 Rxd6 28.axb5 axb5 29.Bxb5 Bxc3 30.Rfc1 Be5
31.Bc6 Ra7 32.Rb8+ Kg7 33.Re8 Bd4 34.Rd1 Bc5 35.Rc1 Bd4 36.Rc2 Kf7 37.g3 Rxd5
38.Rxe4 Rc5 39.Rxc5 Bxc5 40.Re2  1/2-1/2

[Event "Open"]
[Site "Mariupol UKR"]
[Date "2003.07.12"]
[Round "2"]
[White "Tishin,D"]
[Black "Demkovich,A"]
[Result "1-0"]
[WhiteElo "2310"]
[BlackElo "2422"]

1.d4 Nf6 2.c4 g6 3.Nc3 d5 4.cxd5 Nxd5 5.e4 Nxc3 6.bxc3 Bg7 7.Nf3 O-O 8.Be2 c5
9.Be3 cxd4 10.cxd4 Qa5+ 11.Bd2 Qa3 12.Qc1 Qa4 13.Bd1 Qc6 14.d5 Qa6 15.Rb1 Bg4
16.Be2 Qxa2 17.Rxb7 Rc8 18.Qd1 Nd7 19.O-O Nc5 20.Rb4 a5 21.Rc4 Bxf3 22.gxf3 Nb3
23.Be3 Qb2 24.Ra4 Qc3 25.f4 Rab8 26.e5 Rb4 27.Rxb4 Qxb4 28.d6 exd6 29.Qxd6 Qe4
30.Rd1 Bh6 31.Bg4 Bf8 32.Qd7 Rc6 33.Rd5 Rc7 34.Qd8 Rc3 35.e6 Rxe3 36.exf7+ Kxf7
37.fxe3 Qxe3+ 38.Kg2 Qe4+ 39.Bf3 Qxf4 40.Rd7+  1-0

[Event "zt 3.3"]
[Site "Yongchuan CHN"]
[Date "2003.07.13"]
[Round "3"]
[White "Wang Rui"]
[Black "Ni Hua"]
[Result "1/2-1/2"]
[WhiteElo "2481"]
[BlackElo "2533"]

1.d4 Nf6 2.c4 g6 3.Nc3 d5 4.cxd5 Nxd5 5.e4 Nxc3 6.bxc3 Bg7 7.Nf3 c5 8.Be3 Qa5
9.Qd2 Nc6 10.Rc1 cxd4 11.cxd4 Qxd2+ 12.Kxd2 O-O 13.d5 Rd8 14.Ke1 Na5 15.Bg5 Bd7
16.Bd3 Rdc8 17.Ke2 e6 18.Rxc8+ Rxc8 19.Rc1  1/2-1/2

[Event "ch-GBR"]
[Site "Edinburgh SCO"]
[Date "2003.07.14"]
[Round "1"]
[White "Williams,Si"]
[Black "Ganguly,S"]
[Result "1/2-1/2"]
[WhiteElo "2381"]
[BlackElo "2536"]

1.d4 Nf6 2.c4 g6 3.Nc3 d5 4.cxd5 Nxd5 5.e4 Nxc3 6.bxc3 Bg7 7.Bc4 c5 8.Ne2 O-O
9.O-O Nc6 10.Be3 Bg4 11.f3 Na5 12.Bd3 Bd7 13.Qd2 Rc8 14.Rab1 a6 15.d5 b5
16.Bh6 e6 17.Bxg7 Kxg7 18.f4 f5 19.Ng3 exd5 20.exf5 gxf5 21.Rbe1 Nc6 22.Qc2 Kh8
23.Bxf5 Bxf5 24.Nxf5 b4 25.Re6 Qd7 26.Rfe1 Nd8 27.R6e5 Nc6 28.Re6 Nd8 29.R6e5 Nc6  1/2-1/2

[Event "ch-GBR"]
[Site "Edinburgh SCO"]
[Date "2003.07.15"]
[Round "2"]
[White "Mohota,N"]
[Black "Guthrie,D"]
[Result "1-0"]
[WhiteElo "2321"]
[BlackElo "2183"]

1.d4 Nf6 2.c4 g6 3.Nc3 d5 4.cxd5 Nxd5 5.e4 Nxc3 6.bxc3 Bg7 7.Nf3 c5 8.Bb5+ Nc6
9.O-O O-O 10.Be3 Qa5 11.Qa4 Qxa4 12.Bxa4 Na5 13.dxc5 Bxc3 14.Rac1 Bg7 15.Bg5 Nc6
16.Rb1 h6 17.Be3 Rd8 18.Rfc1 g5 19.h3 Kf8 20.Kh2 a5 21.Rb6 Nb4 22.a3 Na2
23.Rd1 Rxd1 24.Bxd1 Nc3 25.Bc2 e6 26.Nd4 Be5+ 27.g3 a4 28.Rb4 Ra5 29.c6 b6
30.Rxb6 f5 31.c7 Ra8 32.Nxe6+ Bxe6 33.Rxe6 Bxc7 34.Rxh6  1-0

[Event "25th Politiken Cup"]
[Site "Copenhagen DEN"]
[Date "2003.07.18"]
[Round "5"]
[White "Lahlum,H"]
[Black "Wilsbeck,J"]
[Result "1-0"]
[WhiteElo "2202"]
[BlackElo "1975"]

1.d4 Nf6 2.c4 g6 3.Nc3 d5 4.cxd5 Nxd5 5.e4 Nxc3 6.bxc3 Bg7 7.Nf3 O-O 8.Be3 c5
9.Qd2 Qa5 10.Rc1 Nc6 11.d5 Ne5 12.Nxe5 Bxe5 13.Be2 Bg7 14.f4 e5 15.O-O f5
16.fxe5 Bxe5 17.Bh6 Rf7 18.exf5 Bxf5 19.g4 Be4 20.Rxf7 Kxf7 21.Qe3 Qa4 22.Rf1+ Kg8
23.Qxc5 Bg7 24.Bxg7 Kxg7 25.Qe7+  1-0

[Event "ch-GBR"]
[Site "Edinburgh SCO"]
[Date "2003.07.19"]
[Round "6"]
[White "Gilbert,Je"]
[Black "Guthrie,D"]
[Result "1/2-1/2"]
[WhiteElo "2109"]
[BlackElo "2183"]

1.d4 Nf6 2.c4 g6 3.Nc3 d5 4.cxd5 Nxd5 5.e4 Nxc3 6.bxc3 Bg7 7.Bc4 O-O 8.Ne2 c5
9.O-O Nc6 10.Be3 e6 11.Qd2 Qa5 12.Rfd1 Rd8 13.Qb2 a6 14.a4 Qc7 15.Ba2 Bd7
16.Bg5 Re8 17.Bf4 Qc8 18.Bd6 e5 19.dxc5 Nd8 20.Bd5 Bf8 21.Qa3 Ne6 22.Qb3 Bc6
23.Bxe5 Bxd5 24.Qxd5 Nxc5 25.f3 Ne6 26.Bf6 Qb8 27.Kh1 Qa7 28.Rab1 Qf2 29.Qd2 Rac8
30.Nd4 Qxd2 31.Rxd2 Nc5 32.a5 Nd7 33.Bg5 Rxc3 34.Ne2 Rc7 35.Bf4 Ne5 36.Rdb2 Rc5
37.Rxb7 Rxa5 38.Bd2 Ra2 39.R7b2 Rxb2 40.Rxb2 Nc4 41.Rc2 Rd8 42.Be1 Ne3 43.Rc1 Rb8
44.Bc3 Ba3 45.Ra1 Nc2 46.Rd1  1/2-1/2

[Event "TCh-Europe u18"]
[Site "Balatonlelle HUN"]
[Date "2003.07.20"]
[Round "2"]
[White "Rau,H"]
[Black "Dourerassou,J"]
[Result "1-0"]
[WhiteElo "2388"]
[BlackElo "2202"]

1.d4 Nf6 2.c4 g6 3.Nc3 d5 4.cxd5 Nxd5 5.e4 Nxc3 6.bxc3 Bg7 7.Bc4 c5 8.Ne2 Nc6
9.Be3 O-O 10.O-O Bg4 11.f3 Na5 12.Bd3 cxd4 13.cxd4 Be6 14.d5 Bxa1 15.Qxa1 f6
16.Bh6 Re8 17.Kh1 a6 18.Nf4 Bf7 19.e5 g5 20.e6 gxf4 21.exf7+ Kxf7 22.Rd1 Qb6
23.Bxf4 Kg7 24.Qc1 Qb4 25.Bh6+ Kh8 26.Bd2 Qa4 27.Bxa5 Rac8 28.Qd2 Rc5 29.Bb6 Rxd5
30.h3 Rg8 31.Rb1 Qd7 32.Rb3 Rh5 33.Kh2 Qd6+ 34.f4 e5 35.Qb4 Qc6 36.Qe4 Qc1
37.fxe5 f5 38.Qe3 Qc6 39.Bf1 Rhg5 40.Qf3 Qe6 41.Bd4 h6 42.Rb6 Qxa2 43.e6+ Kh7
44.Qxb7+ Kg6 45.Qf7+  1-0

[Event "25th Politiken Cup"]
[Site "Copenhagen DEN"]
[Date "2003.07.20"]
[Round "7"]
[White "Tallaksen,G"]
[Black "Nilssen,J"]
[Result "1/2-1/2"]
[WhiteElo "2285"]
[BlackElo "2382"]

1.d4 Nf6 2.c4 g6 3.Nc3 d5 4.cxd5 Nxd5 5.e4 Nxc3 6.bxc3 Bg7 7.Nf3 c5 8.Be3 Qa5
9.Qd2 O-O 10.Rc1 Bg4 11.Ng5 cxd4 12.cxd4 Qxd2+ 13.Kxd2 Nc6 14.d5 Nd4 15.h3 Bd7
16.Rc4 Nb5 17.Bd3 Rfd8 18.Rhc1 h6 19.Nf3 e6 20.Rb4 exd5 21.exd5 Nd6 22.Bf4 Be8
23.Ke2 b5 24.Rb3 a6 25.Ne5 Bxe5 26.Bxe5 Nc4 27.Bf4 g5 28.Be3 Rac8 29.Rbc3 Rxd5
30.Ke1 Bd7 31.Bxc4 bxc4 32.Rxc4 Rxc4 33.Rxc4 Ra5 34.h4 f6 35.Bd4 f5 36.hxg5 hxg5
37.a4 Kf7 38.Bc3 Rd5 39.Rd4 Rxd4 40.Bxd4 Bxa4 41.g3  1/2-1/2

[Event "MTO"]
[Site "Biel SUI"]
[Date "2003.07.21"]
[Round "1"]
[White "Potterat,M"]
[Black "Dvoirys,S"]
[Result "0-1"]
[WhiteElo "2194"]
[BlackElo "2555"]

1.d4 Nf6 2.c4 g6 3.Nc3 d5 4.cxd5 Nxd5 5.e4 Nxc3 6.bxc3 Bg7 7.Nf3 c5 8.Rb1 O-O
9.Be2 Nd7 10.O-O Nf6 11.Bd3 Qc7 12.Qb3 c4 13.Bxc4 Nxe4 14.Ng5 Nd6 15.Bd3 Bf5
16.Bxf5 Nxf5 17.Ne4 b6 18.Ba3 Rac8 19.Rbe1 Rfd8 20.Re2 e6 21.f4 Ne7 22.Bxe7 Qxe7
23.g4 Qd7 24.Kh1 Qc6 25.Kg1 Rd5 26.f5 exf5 27.gxf5 Rxf5 28.Rxf5 gxf5 29.Ng3 f4
30.Ne4 Re8 31.Qb1 f3 32.Re1 Qg6+ 33.Ng3 Re2 34.Qxg6 f2+  0-1

[Event "26th Asian Juniors Girls"]
[Site "Negombo SRI"]
[Date "2003.07.21"]
[Round "3"]
[White "Gomes,M"]
[Black "Luong Phuong Hanh"]
[Result "0-1"]
[WhiteElo "2126"]
[BlackElo "2143"]

1.c4 Nf6 2.Nc3 d5 3.cxd5 Nxd5 4.e4 Nxc3 5.bxc3 g6 6.d4 Bg7 7.Bc4 c5 8.Ne2 O-O
9.O-O cxd4 10.cxd4 Nc6 11.Be3 e6 12.Rb1 Na5 13.Bd3 b6 14.e5 Bb7 15.Nc3 Rc8
16.Nb5 Qd5 17.f3 Nc4 18.Bxc4 Rxc4 19.Nd6 Rc3 20.Qd2 Ra3 21.Rb2 Ba6 22.Rc1 Rd3
23.Qf2 Bxe5 24.Ne4 Rxd4 25.Rd2 Rxd2 26.Bxd2 Qxa2 27.Qh4 Qb2 28.Be3 Bd4 29.Re1 Bxe3+
30.Rxe3 Qa1+ 31.Kf2 Kg7 32.Rc3 Qf1+ 33.Ke3 Qe2+ 34.Kf4 Qxg2 35.Qf6+ Kg8 36.Qd4 Qxh2+
37.Ke3 Qg1+ 38.Nf2 Qe1+ 39.Kf4 e5+ 40.Qxe5 Qxf2  0-1

[Event "25th Politiken Cup"]
[Site "Copenhagen DEN"]
[Date "2003.07.22"]
[Round "8"]
[White "Bjerke,S"]
[Black "Paaske,A"]
[Result "1/2-1/2"]
[WhiteElo "2093"]
[BlackElo "2162"]

1.d4 Nf6 2.c4 g6 3.Nc3 d5 4.cxd5 Nxd5 5.e4 Nxc3 6.bxc3 Bg7 7.Be3 c5 8.Qd2 O-O
9.Nf3 Bg4 10.Ng5 Nc6 11.d5 h6 12.h3 Bh5 13.g4 Ne5 14.f4 Nxg4 15.hxg4 Bxg4
16.Bxc5 hxg5 17.Bd4 gxf4 18.Bxg7 Kxg7 19.Qxf4 Bh5 20.Be2 Qd6 21.e5 Qxd5 22.Rxh5 Rh8
23.Bc4 Qxc4 24.Qxc4 Rxh5 25.Qe4 Rc8 26.e6 f6 27.O-O-O Rxc3+ 28.Kb2 Rc6 29.Rg1 Rh2+
30.Ka1 g5 31.Rxg5+ fxg5 32.Qe5+ Kg6 33.Qxh2 Rxe6 34.Qc7 a6 35.Qxb7 Kf6 36.Qf3+ Kg6
37.Qg4 Rf6 38.Kb2 Rf2+ 39.Kc3 Rf6 40.a4 Rc6+ 41.Kd4 Rf6 42.Ke5 Kf7 43.Qxg5 Kf8
44.a5 Rd6 45.Qe3 Ke8 46.Qa7 Kd8 47.Qb7 Rf6 48.Kd5 Rd6+ 49.Kc5 Rf6 50.Qd5+ Rd6
51.Qb7  1/2-1/2

[Event "Quebec Open"]
[Site "Montreal CAN"]
[Date "2003.07.22"]
[Round "7"]
[White "Hua,L"]
[Black "Mikhalevski,V"]
[Result "0-1"]
[WhiteElo "2267"]
[BlackElo "2523"]

1.d4 Nf6 2.c4 g6 3.Nc3 d5 4.cxd5 Nxd5 5.e4 Nxc3 6.bxc3 Bg7 7.Nf3 c5 8.Rb1 O-O
9.Be2 Nc6 10.d5 Bxc3+ 11.Bd2 Bxd2+ 12.Qxd2 Na5 13.h4 Bg4 14.h5 Bxf3 15.gxf3 e5
16.Qc3 g5 17.Qxe5 f6 18.Qc3 b6 19.f4 gxf4 20.Qf3 Qd6 21.Rh4 Rae8 22.Qxf4 Qxf4
23.Rxf4 Nb7 24.Bg4 Re5 25.Kf1 Nd6 26.Re1 f5 27.exf5 Rxe1+ 28.Kxe1 Kg7 29.Rf3 Re8+
30.Re3 Rxe3+ 31.fxe3 Kf6 32.Ke2 Ke5 33.Kd3 h6 34.a4 Kxd5 35.e4+ Ke5 36.Bf3 a6
37.Kc3 b5 38.axb5 axb5 39.Bg2 b4+ 40.Kb3 Kd4 41.Bf3 Kd3 42.f6 Kd4 43.Bg4 Ke5
44.f7 Nxf7 45.Kc4 Nd6+ 46.Kb3 Kxe4 47.Be2 Kd4 48.Bd1 Nc4 49.Be2 Na5+ 50.Ka4 b3  0-1

[Event "MTO"]
[Site "Biel SUI"]
[Date "2003.07.23"]
[Round "3"]
[White "Shariyazdanov,A"]
[Black "Cherniaev,A1"]
[Result "1-0"]
[WhiteElo "2565"]
[BlackElo "2487"]

1.d4 Nf6 2.c4 g6 3.Nc3 d5 4.cxd5 Nxd5 5.e4 Nxc3 6.bxc3 Bg7 7.Bc4 O-O 8.Ne2 c5
9.O-O Nc6 10.Be3 Qc7 11.Rc1 Rd8 12.Bf4 Qd7 13.dxc5 Ne5 14.Bxe5 Bxe5 15.Qb3 e6
16.f4 Bg7 17.Rcd1 Qc7 18.Rxd8+ Qxd8 19.f5 Qe7 20.Kh1 exf5 21.Nd4 Qxc5 22.Bxf7+ Kh8
23.exf5 Bxf5 24.Nxf5 gxf5 25.Qxb7 Rd8 26.c4 Be5 27.Bd5 Qd6 28.g3 f4 29.Be4 Rd7
30.Qc8+ Kg7 31.gxf4  1-0

[Event "ch-NED Open"]
[Site "Dieren NED"]
[Date "2003.07.23"]
[Round "2"]
[White "Pedersen,NV"]
[Black "Michielsen,J"]
[Result "1-0"]
[WhiteElo "2528"]
[BlackElo "2190"]

1.d4 Nf6 2.c4 g6 3.Nc3 d5 4.cxd5 Nxd5 5.e4 Nxc3 6.bxc3 Bg7 7.Bc4 O-O 8.Ne2 c5
9.O-O Nc6 10.Be3 Bd7 11.Rb1 a6 12.dxc5 Qc7 13.f4 Na5 14.Bd3 Rfd8 15.c6 Qxc6
16.Bb6 Nc4 17.Bxc4 Qxc4 18.Bxd8 Rxd8 19.Rxb7 Qc6 20.Rb2 Qxe4 21.Rd2 Bf8 22.Rd4 Qb7
23.Qd2 e6 24.Kh1 Bc5 25.Rd3 Kg7 26.Ng3 Bb6 27.Rd1 Ba4 28.Rxd8  1-0

[Event "Quebec Open"]
[Site "Montreal CAN"]
[Date "2003.07.23"]
[Round "8"]
[White "Laframboise,M"]
[Black "Gravel,S"]
[Result "0-1"]
[WhiteElo "2069"]
[BlackElo "2242"]

1.d4 Nf6 2.c4 g6 3.Nc3 d5 4.cxd5 Nxd5 5.e4 Nxc3 6.bxc3 Bg7 7.Bc4 c5 8.Ne2 Nc6
9.Be3 O-O 10.Rc1 cxd4 11.cxd4 Qa5+ 12.Kf1 Qa3 13.Qd2 Rd8 14.Rd1 Nxd4 15.Bxd4 e5
16.Bd5 exd4 17.Nxd4 Kh8 18.Nc2 Qc5 19.h4 Bg4 20.Rb1 Rxd5 21.exd5 Bf5 22.Rxb7 Bxc2
23.Rh3 Be4 24.Rxf7 Bxd5  0-1

[Event "18th Touraine Open"]
[Site "Avoine FRA"]
[Date "2003.07.24"]
[Round "6"]
[White "Bessat,R"]
[Black "Leroy,D"]
[Result "1/2-1/2"]
[WhiteElo "2012"]
[BlackElo "2270"]

1.d4 Nf6 2.c4 g6 3.Nc3 d5 4.cxd5 Nxd5 5.e4 Nxc3 6.bxc3 Bg7 7.Bc4 c5 8.Ne2 Nc6
9.Be3 O-O 10.O-O Bg4 11.f3 Na5 12.Bxf7+ Rxf7 13.fxg4 Rxf1+ 14.Kxf1 cxd4 15.cxd4 e5
16.Kg1 Rc8 17.d5 Nc4 18.Bf2 Bh6 19.Qd3 Qd7 20.h3 Qa4 21.Qb3 Qa6 22.Qd3 Qa4
23.Qb3 Qa6 24.Qd3  1/2-1/2

[Event "TCh-Europe u18"]
[Site "Balatonlelle HUN"]
[Date "2003.07.24"]
[Round "5"]
[White "Berkes,F"]
[Black "Navara,D"]
[Result "1-0"]
[WhiteElo "2590"]
[BlackElo "2608"]

1.d4 Nf6 2.c4 g6 3.Nc3 d5 4.cxd5 Nxd5 5.e4 Nxc3 6.bxc3 Bg7 7.Bc4 O-O 8.Ne2 b6
9.h4 Nc6 10.Bd5 Qd7 11.h5 e6 12.Bb3 Na5 13.Qd3 e5 14.hxg6 hxg6 15.Qg3 Nxb3
16.axb3 Qe7 17.Qh2 f5 18.Qg3 exd4 19.Qxg6 dxc3 20.Qh7+ Kf7 21.exf5 Qf6 22.Qh5+ Kg8
23.g4 c2 24.Ra2 Qc6 25.Qh7+ Kf7 26.Rh6 Rd8 27.Rxc2 Qxc2 28.Rf6+ Kxf6 29.Qg6+ Ke7
30.Qxg7+ Kd6 31.Qd4+ Kc6 32.Qxd8 Qxe2+ 33.Kxe2 Ba6+ 34.Qd3 Re8+ 35.Be3 Bxd3+
36.Kxd3 Kd5 37.f4 c5 38.g5 b5 39.g6 c4+ 40.bxc4+ bxc4+ 41.Ke2 Rg8 42.Kf3 c3
43.Kg4 Re8 44.f6 c2 45.Bc1 Re1 46.g7 Rg1+ 47.Kf5  1-0

[Event "KB Czech Open"]
[Site "Pardubice CZE"]
[Date "2003.07.24"]
[Round "7"]
[White "Bromberger,S"]
[Black "Neverov,V"]
[Result "1/2-1/2"]
[WhiteElo "2444"]
[BlackElo "2566"]

1.d4 Nf6 2.c4 g6 3.Nc3 d5 4.cxd5 Nxd5 5.e4 Nxc3 6.bxc3 Bg7 7.Bc4 c5 8.Ne2 Nc6
9.Be3 O-O 10.O-O cxd4 11.cxd4 Bd7 12.Rb1 Rc8 13.Qd2 Na5 14.Bd3 Nc4 15.Bxc4 Rxc4
16.Rxb7 Bc6 17.Rxa7 Bxe4 18.Rc1 Rxc1+ 19.Qxc1 Bd3 20.Qd2 Qb8 21.d5 Qb1+ 22.Qc1 Rb8
23.Qxb1 Rxb1+ 24.Nc1 f5 25.Rxe7 Bf8 26.Rc7 Be4 27.Rc8 Kf7 28.Rc7+ Kg8 29.Rc8  1/2-1/2

[Event "BCSA Open"]
[Site "Batumi GEO"]
[Date "2003.07.25"]
[Round "9"]
[White "Haroutjunian,D"]
[Black "Sanikidze,T"]
[Result "1-0"]
[WhiteElo "2270"]
[BlackElo "2250"]

1.d4 Nf6 2.c4 g6 3.Nc3 d5 4.cxd5 Nxd5 5.e4 Nxc3 6.bxc3 Bg7 7.Nf3 c5 8.Rb1 O-O
9.Be2 cxd4 10.cxd4 Qa5+ 11.Qd2 Qxd2+ 12.Bxd2 b6 13.O-O Bb7 14.d5 Ba6 15.Bxa6 Nxa6
16.Be3 Rac8 17.Rfc1 Rxc1+ 18.Rxc1 f5 19.e5 Rd8 20.h4 h6 21.Rc6 Rxd5 22.Rxg6 Kh7
23.Re6 Rd7 24.h5 Nc7 25.Rc6 e6 26.Rd6 Re7 27.Rd8 Nd5 28.Bd2 Rc7 29.Nd4 Re7
30.f4 Nc7 31.Bb4 Rf7 32.Bd6 Nd5 33.Nxe6 Nc3 34.Nxg7 Rxg7 35.e6 Ne2+ 36.Kf2 Ng3
37.Be5 Ne4+ 38.Kg1 Nc5 39.e7  1-0

[Event "KB Czech Open"]
[Site "Pardubice CZE"]
[Date "2003.07.26"]
[Round "9"]
[White "Haba,P"]
[Black "Roiz,M"]
[Result "1/2-1/2"]
[WhiteElo "2502"]
[BlackElo "2554"]

1.d4 Nf6 2.c4 g6 3.Nc3 d5 4.cxd5 Nxd5 5.e4 Nxc3 6.bxc3 Bg7 7.Nf3 c5 8.Rb1 O-O
9.Be2 b6 10.O-O Bb7 11.Qd3 Ba6 12.Qe3 Qd7 13.Bxa6 Nxa6 14.Qe2 Nc7 15.dxc5 bxc5
16.Qc4 Ne6 17.Ng5 Rab8  1/2-1/2

[Event "MTO"]
[Site "Biel SUI"]
[Date "2003.07.27"]
[Round "6"]
[White "Cebalo,M"]
[Black "Livshits,G"]
[Result "1-0"]
[WhiteElo "2510"]
[BlackElo "2417"]

1.d4 Nf6 2.c4 g6 3.Nc3 d5 4.cxd5 Nxd5 5.e4 Nxc3 6.bxc3 Bg7 7.Bc4 c5 8.Ne2 Nc6
9.Be3 O-O 10.O-O Bd7 11.Rb1 Rc8 12.Bd3 Qc7 13.d5 Ne5 14.c4 f5 15.Bf4 b6 16.exf5 Bxf5
17.Bxf5 Rxf5 18.Bg3 Qd7 19.Qc2 Rcf8 20.h3 g5 21.Rb3 Ng6 22.Re3 R8f7 23.Bh2 Nf4
24.Ng3 R5f6 25.Ne4 Rg6 26.Rf3 Be5 27.Re1 Nxg2 28.Kxg2 Rxf3 29.Kxf3 g4+ 30.Ke2 Bxh2
31.Qd3 g3 32.fxg3 Qxh3 33.Qf3 h5 34.Rf1 Qg4 35.Qxg4 Rxg4 36.Kf3 Bxg3 37.Nxg3 Rxc4
38.Nxh5 Kf7 39.Nf4 Kf6 40.Rh1  1-0

[Event "ch-AUT"]
[Site "Hartberg AUT"]
[Date "2003.07.27"]
[Round "1"]
[White "Kummer,Hel"]
[Black "Wittmann,W"]
[Result "1-0"]
[WhiteElo "2336"]
[BlackElo "2359"]

1.d4 Nf6 2.c4 g6 3.Nc3 d5 4.cxd5 Nxd5 5.e4 Nxc3 6.bxc3 Bg7 7.Nf3 O-O 8.Rb1 c5
9.Be2 Nd7 10.O-O Nf6 11.Bd3 b6 12.d5 Ne8 13.Qc2 e5 14.Bb5 Nd6 15.Bc6 Rb8
16.Bg5 Qc7 17.Nd2 h6 18.Be3 g5 19.Qb3 Ba6 20.c4 Rbd8 21.g4 Bf6 22.f3 Kg7
23.Kg2 Rh8 24.Rh1 h5 25.h4 Qe7 26.hxg5 Bxg5 27.gxh5 Kh7 28.Kf2 Bxe3+ 29.Kxe3 Qg5+
30.Kd3 Qf4 31.Rbf1 Rhg8 32.Rf2 Rg3 33.Kc2 Rdg8 34.Rhh2 Rg1 35.Bb5 Bc8 36.Re2 Ra1
37.Kb2 Rgg1 38.Qe3 Qxe3 39.Rxe3 a6 40.Bc6 b5 41.cxb5 axb5 42.Rc3 c4 43.a3 Ba6
44.Rc2 Rae1 45.Kc3 Re3+ 46.Kb4 Ra1 47.Kc5 Nc8 48.d6 Nxd6 49.Kxd6 Raxa3 50.h6 c3
51.Nb1 Rb3 52.Rcg2 Rxf3 53.Rg7+ Kh8 54.h7 Rf6+ 55.Ke7  1-0

[Event "ch-NED Open"]
[Site "Dieren NED"]
[Date "2003.07.28"]
[Round "6"]
[White "Ernst,S"]
[Black "Bezemer,A"]
[Result "1-0"]
[WhiteElo "2468"]
[BlackElo "2346"]

1.d4 Nf6 2.c4 g6 3.Nc3 d5 4.cxd5 Nxd5 5.e4 Nxc3 6.bxc3 Bg7 7.Nf3 c5 8.Be3 Qa5
9.Qd2 Nc6 10.Rc1 cxd4 11.cxd4 Qxd2+ 12.Kxd2 O-O 13.d5 Rd8 14.Ke1 Na5 15.Bg5 Bd7
16.Bd3 Rdc8 17.Ke2 e6 18.Rxc8+ Rxc8 19.Rc1 Rxc1 20.Bxc1 exd5 21.exd5 b5 22.Be3 a6
23.Bd4 Bxd4 24.Nxd4 Kf8 25.Ke3 Ke7 26.Nf3 Kd6 27.Kd4 f6 28.Nd2 f5 29.g4 Nb7
30.gxf5 Bxf5 31.Bxf5 gxf5 32.Nf3 a5 33.Nh4 f4 34.Ng2 b4 35.Nxf4 Nc5 36.Ne2 b3
37.a3 Na4 38.Ng3 Nb6 39.Ne4+ Ke7 40.d6+ Kd8 41.Kc3 a4 42.Nc5 h5 43.f4 Nd5+
44.Kb2 Nb6 45.Kc3 Nd5+ 46.Kb2 Nb6 47.Nxa4 Nxa4+ 48.Kxb3 Nc5+ 49.Kc4 Nb7 50.Kd5 Kd7
51.a4 Nxd6 52.a5 Ke7 53.a6 h4 54.h3 Nb5 55.Ke5 Na7 56.Kf5 Kf7 57.Kg5 Ke6
58.f5+ Kf7 59.Kxh4 Kf6 60.Kg4 Nc6 61.h4  1-0

[Event "16th Open"]
[Site "Kiel GER"]
[Date "2003.07.28"]
[Round "5"]
[White "Johannsen,D"]
[Black "Bildat,J"]
[Result "1/2-1/2"]
[WhiteElo "2100"]
[BlackElo "2178"]

1.d4 Nf6 2.c4 g6 3.Nc3 d5 4.cxd5 Nxd5 5.e4 Nxc3 6.bxc3 Bg7 7.Nf3 c5 8.Rb1 O-O
9.Be2 cxd4 10.cxd4 Qa5+ 11.Qd2 Qxd2+ 12.Bxd2 b6 13.O-O Rd8 14.Bg5 Kf8 15.Rfc1 Ba6
16.Bc4 Bxc4 17.Rxc4 Na6 18.Rbc1 Rd7 19.Rc8+ Rd8 20.R8c4 Rd7 21.Kf1 Rad8 22.Be3 Ke8
23.a4 Rb7 24.d5 h6 25.Nd4 Bxd4 26.Bxd4 Kd7 27.Be3 h5 28.Bf4 Nc5 29.Ke2 Ke8
30.Be3 Na6 31.f3 Kd7 32.Bf4 Nc5 33.R1c3 Na6 34.h3 Nc5 35.Bc1 Na6 36.Ba3 Re8
37.e5 Rc7 38.Kd3 Rxc4 39.Rxc4 Nc7 40.Ke4 f5+ 41.Kd4 e6 42.dxe6+ Nxe6+ 43.Kd5  1/2-1/2

[Event "ch-AUT"]
[Site "Hartberg AUT"]
[Date "2003.08.01"]
[Round "6"]
[White "Danner,G"]
[Black "Wittmann,W"]
[Result "1/2-1/2"]
[WhiteElo "2359"]
[BlackElo "2359"]

1.d4 Nf6 2.c4 g6 3.Nc3 d5 4.cxd5 Nxd5 5.e4 Nxc3 6.bxc3 Bg7 7.Nf3 O-O 8.Be3 c5
9.Rc1 Qa5 10.Qd2 Rd8 11.d5 Nc6 12.Be2 e6 13.O-O exd5 14.exd5 Ne7 15.c4 Qxd2
16.Nxd2 b6 17.Ne4 h6 18.Bf4 Nf5 19.Rfe1 Nd4 20.Bd1 Bd7 21.Kf1 g5 22.Bd2 f5
23.Nc3 f4 24.Ne4 Rf8 25.f3 Rae8 26.Nd6 Rxe1+  1/2-1/2

[Event "3rd Open"]
[Site "Plancoet FRA"]
[Date "2003.08.02"]
[Round "8"]
[White "Genov,Peta"]
[Black "Komljenovic,D"]
[Result "1/2-1/2"]
[WhiteElo "2501"]
[BlackElo "2434"]

1.d4 Nf6 2.c4 g6 3.Nc3 d5 4.cxd5 Nxd5 5.e4 Nxc3 6.bxc3 Bg7 7.Bc4 c5 8.Ne2 Nc6
9.Be3 O-O 10.O-O Bg4 11.f3 cxd4 12.cxd4 Bd7 13.Rc1 Rc8 14.Qd2 a6 15.Rfd1 Na5
16.Bd3 Rxc1 17.Rxc1 Nc6 18.a4 a5 19.Bb5 Nb4 20.Nc3 e6 21.Bf4 Bc6 22.Rd1 Qe7
23.Be3 Bxb5 24.Nxb5 Rc8 25.Rc1 Rc6 26.Kf1 f5 27.Bg5 Qf7 28.Ra1 h6 29.Be3 g5
30.h3 Bf8 31.Ke2 fxe4 32.fxe4 Qh7  1/2-1/2

[Event "8th Open"]
[Site "Creon FRA"]
[Date "2003.08.03"]
[Round "9"]
[White "Van Esch,S"]
[Black "Suez Panama,G"]
[Result "1-0"]
[WhiteElo "2223"]
[BlackElo "2069"]

1.d4 Nf6 2.c4 g6 3.Nc3 d5 4.cxd5 Nxd5 5.e4 Nxc3 6.bxc3 Bg7 7.Bc4 c5 8.Ne2 O-O
9.O-O Nc6 10.Be3 cxd4 11.cxd4 e6 12.Rb1 Na5 13.Bd3 b6 14.Qd2 Re8 15.Bg5 Qd6
16.e5 Qc7 17.Rfc1 Nc6 18.Rxc6 Qxc6 19.Bb5 Qe4 20.Nc3 Qg4 21.h3 Qf5 22.Bd3  1-0

[Event "US Open"]
[Site "Los Angeles USA"]
[Date "2003.08.05"]
[Round "3"]
[White "Kaidanov,G"]
[Black "Peckham,M"]
[Result "1-0"]
[WhiteElo "2638"]
[BlackElo "2170"]

1.d4 Nf6 2.c4 g6 3.Nc3 d5 4.cxd5 Nxd5 5.e4 Nxc3 6.bxc3 Bg7 7.Bc4 c5 8.Ne2 cxd4
9.cxd4 Nc6 10.Be3 Qa5+ 11.Bd2 Qd8 12.Bc3 O-O 13.O-O b6 14.Rc1 Bb7 15.f4 e6
16.d5 exd5 17.Bxd5 Bxc3 18.Rxc3 Na5 19.f5 Bxd5 20.exd5 Re8 21.Qd2 Qe7 22.f6 Qf8
23.Nf4  1-0

[Event "Open"]
[Site "Olomouc CZE"]
[Date "2003.08.06"]
[Round "8"]
[White "Furman,B"]
[Black "Kolesar,Mic"]
[Result "1/2-1/2"]
[WhiteElo "2312"]
[BlackElo "2069"]

1.d4 Nf6 2.c4 g6 3.Nc3 d5 4.cxd5 Nxd5 5.e4 Nxc3 6.bxc3 Bg7 7.Be3 c5 8.Rc1 Qa5
9.Qd2 cxd4 10.cxd4 Qxd2+ 11.Bxd2 O-O 12.d5 e6 13.Bb5 Bd7 14.Bxd7 Nxd7 15.dxe6 fxe6
16.Nf3 Ne5 17.Nxe5 Bxe5 18.Be3 Bf4 19.Ke2 b5 20.Rc6 a5 21.Rxe6 Rac8 22.Bxf4 Rxf4
23.Rf1 Rc2+ 24.Ke3 Rf7 25.Re5 Rxa2 26.Rxb5 Ra3+ 27.Kd4 Ra2 28.f4 Rxg2 29.Rxa5 Rxh2
30.f5 Rd7+ 31.Rd5 Rd2+ 32.Ke5 R7xd5+ 33.exd5 gxf5 34.Rxf5 Kg7 35.Ke6 Kg6
36.Rf1 h5 37.Rg1+ Kh6 38.d6 h4 39.d7 Re2+ 40.Kf6 Rf2+ 41.Ke7 Re2+ 42.Kd8 Kh5
43.Rd1 Ra2 44.Ke7 Ra8 45.Kf6 Rd8 46.Kf5 h3 47.Rd3 Kh4 48.Kf4 h2 49.Rd6 Rf8+
50.Ke3 Kg3  1/2-1/2

[Event "ch-AUT"]
[Site "Hartberg AUT"]
[Date "2003.08.08"]
[Round "13"]
[White "Lendwai,R"]
[Black "Schweda,R"]
[Result "1/2-1/2"]
[WhiteElo "2444"]
[BlackElo "2381"]

1.d4 Nf6 2.c4 g6 3.Nc3 d5 4.cxd5 Nxd5 5.e4 Nxc3 6.bxc3 Bg7 7.Bc4 O-O 8.Ne2 c5
9.O-O Nc6 10.Be3 Bg4 11.f3 Na5 12.Bxf7+ Rxf7 13.fxg4 Rxf1+ 14.Kxf1 cxd4 15.cxd4 Qb6  1/2-1/2

[Event "WYol u16"]
[Site "Denizli TUR"]
[Date "2003.08.10"]
[Round "10"]
[White "Ozturk,K"]
[Black "Sanikidze,T"]
[Result "0-1"]
[WhiteElo "1959"]
[BlackElo "2250"]

1.d4 Nf6 2.c4 g6 3.Nc3 d5 4.cxd5 Nxd5 5.e4 Nxc3 6.bxc3 Bg7 7.Bb2 O-O 8.Nf3 c5
9.Be2 cxd4 10.cxd4 Nc6 11.Qd2 Qb6 12.h3 Rd8 13.Rd1 Nxd4 14.Nxd4 e5 15.O-O exd4
16.Bd3 Be6 17.Ba3 Rdc8 18.Rb1 Qc6 19.Rfc1 Qa4 20.Bd6 Rc3 21.Bb5 Qxa2 22.Rb2 Qa5
23.e5 Rac8 24.Rf1 a6 25.Bd3 Bxe5 26.Bb4 Qc7 27.f4 Bg7 28.f5 Rxd3 29.Qxd3 Bc4
30.Qd2 Bxf1 31.Kxf1 gxf5 32.Rb1 Qc2 33.Qxc2 Rxc2 34.Be7 b5 35.Ra1 Rc6 36.Kf2 h6
37.Bb4 Be5 38.Re1 f6 39.g4 Rc4 40.Ba5 Ra4 41.Bd8 Ra3 42.Kg2 fxg4 43.hxg4 Rg3+
44.Kf2 Rxg4 45.Ra1 d3 46.Rxa6 d2 47.Ke2 Rg2+ 48.Kd1 Bf4  0-1

[Event "North Ural Cup"]
[Site "Krasnoturinsk RUS"]
[Date "2003.08.12"]
[Round "4"]
[White "Zhukova,N"]
[Black "Matveeva,S"]
[Result "1-0"]
[WhiteElo "2439"]
[BlackElo "2478"]

1.d4 Nf6 2.c4 g6 3.Nc3 d5 4.cxd5 Nxd5 5.e4 Nxc3 6.bxc3 Bg7 7.Bc4 c5 8.Ne2 O-O
9.O-O Nc6 10.Be3 Bd7 11.Rb1 a6 12.dxc5 Qc7 13.Nd4 e6 14.f4 Na5 15.Bb3 e5
16.fxe5 Bxe5 17.Bh6 Bg7 18.Bxg7 Kxg7 19.Qf3 Nxb3 20.Rxb3 Rae8 21.Rb6 Qxc5
22.Rxb7 Be6 23.Kh1 Qe5 24.Nc6 Qg5 25.Qf2 Kh8 26.h4 Qh6 27.Kg1 Qg7 28.Nd4 Bc4
29.Re1 Qe5 30.a3 Kg8 31.Rb4 Rc8 32.Re3 Rfe8 33.Nf3 Qc5 34.Nd2 Be6 35.e5 Red8
36.h5 Bf5 37.g4 Bd3 38.Rb7 Qd5 39.Re7 Bf5 40.gxf5 Qxd2 41.Re8+ Kg7 42.h6+  1-0

[Event "FSIM August"]
[Site "Budapest HUN"]
[Date "2003.08.14"]
[Round "13"]
[White "D'Costa,L"]
[Black "Nilssen,J"]
[Result "1/2-1/2"]
[WhiteElo "2321"]
[BlackElo "2382"]

1.d4 Nf6 2.c4 g6 3.Nc3 d5 4.cxd5 Nxd5 5.e4 Nxc3 6.bxc3 Bg7 7.Bc4 c5 8.Ne2 Nc6
9.Be3 O-O 10.Rc1 Bd7 11.h4 Qa5 12.Kf1 Rad8 13.h5 cxd4 14.cxd4 Bc8 15.hxg6 hxg6
16.Qb3 Nxd4 17.Nxd4 Bxd4 18.Bxf7+ Rxf7 19.Bxd4 Rxd4 20.Rxc8+ Rd8 21.Qxb7 Qd2
22.Rxd8+ Qxd8 23.Ke2 Rxf2+ 24.Kxf2 Qd2+ 25.Kf3 Qd3+ 26.Kg4 Qe2+ 27.Kg3 Qe3+
28.Kh2 Qh6+ 29.Kg1 Qc1+ 30.Kf2 Qd2+ 31.Kf3 Qd3+ 32.Kf4 Qd2+ 33.Kg3 Qe3+ 34.Kh2 Qh6+
35.Kg3  1/2-1/2